Central banking (Registro nro. 3299)

Detalles MARC
000 -LEADER
fixed length control field 01802 a2200229 4500
001 - CONTROL NUMBER
control field 40733
005 - DATE AND TIME OF LATEST TRANSACTION
control field 20260407155703.0
008 - FIXED-LENGTH DATA ELEMENTS--GENERAL INFORMATION
fixed length control field 260407a2014 arg spa d
003 - CONTROL NUMBER IDENTIFIER
control field AR-UNSa-BCEJYS
040 ## - CATALOGING SOURCE
Original cataloging agency AR-UNSa-BCEJYS
Language of cataloging spa
Transcribing agency AR-UNSa-BCEJYS
080 ## - UNIVERSAL DECIMAL CLASSIFICATION NUMBER
Universal Decimal Classification number 336.71
Common auxiliary subdivision Bancos. Sistema bancario
020 ## - INTERNATIONAL STANDARD BOOK NUMBER
International Standard Book Number 978-1-118-83246-2
041 ## - LANGUAGE CODE
Language code of text/sound track or separate title spa
100 1# - MAIN ENTRY--PERSONAL NAME
Personal name Moenjak, Thammarak
245 10 - TITLE STATEMENT
Title Central banking
Name of part/section of a work theory and practice in sustaining monetary and financial stability
264 #1 - PRODUCTION, PUBLICATION, DISTRIBUTION, MANUFACTURE, AND COPYRIGHT NOTICE
Place of production, publication, distribution, manufacture Fusionopolis :
Name of producer, publisher, distributor, manufacturer John Wiley & Sons
Date of production, publication, distribution, manufacture, or copyright notice 2014
300 ## - PHYSICAL DESCRIPTION
Extent xiii, 318 p.
Dimensions 26 cm.
505 ## - FORMATTED CONTENTS NOTE
Formatted contents note 1. A Brief Look at Central Banking History - 2. A Brief Overview of the International Monetary System - 3. Modern Central Banking Roles and Functions: What Exactly Is a Central Bank? - 4. A Brief Review of Modern Central Banking Mandates: What Are the Goals That Modern Central Banks Try to Achieve? - 5. Theoretical Foundations of the Practice of Modern Monetary Policy - 6. Monetary Policy Regimes: What Monetary Policy Rules a Central Bank Can Use to Achieve Monetary Stability - 7. Monetary Policy Implementation: Financial Market Operations - 8. The Monetary Policy Transmission Mechanism: How Changes in Interest Rates Affect Households, Firms, Financial Institutions, Economic Activity, and Inflation - 9. The Exchange Rate and Central Banking - 10. Financial Stability: Definition, Analytical Framework, and Theoretical Foundation - 11. Financial Stability: Monitoring and Identifying Risks - 12. Financial Stability: Intervention Tools - 13. Future Challenges for Central Banking - 14. Future Central Banking Strategy and Its Execution
590 ## - LOCAL NOTE (RLIN)
Local note niveau_biblio:m niveau_hierar:0
856 41 - ELECTRONIC LOCATION AND ACCESS
Uniform Resource Identifier <a href="https://biblioeco.unsa.edu.ar/pmb/images/libros/L126241_01.jpg">https://biblioeco.unsa.edu.ar/pmb/images/libros/L126241_01.jpg</a>
Link text Imagen de portada
Electronic format type image/jpeg
942 ## - ADDED ENTRY ELEMENTS (KOHA)
Koha item type
Existencias
Withdrawn status Lost status Damaged status Not for loan Home library Current library Shelving location Date acquired Total checkouts Full call number Barcode Date last seen Price effective from Koha item type
        Biblioteca Prof. Eusebio Cleto del Rey Biblioteca Prof. Eusebio Cleto del Rey   07/04/2026   336.71 M693 L126241 07/04/2026 07/04/2026 Libro